000 00611nam a2200229Ia 4500
003 OSt
005 20220923230230.0
006 a|||||r|||| 00| 0
007 ta
008 Pun
024 _a278,546
037 _cTextual
040 _aARTS
_cARTS
_bPun
041 _2Pun
_aPun
082 _aO153,1NPUx, L8
100 _aਪੂਨੀ, ਅਮਰੀਕ ਸਿੰਘ
_9156315
245 0 _aਨੰਗੇ ਪੈਰ
260 _c1978
650 _aਪੰਜਾਬੀ ਸਾਹਿਤ
942 _hO153,1NPUx, L8
_cTEXL
_2CC
999 _c383408
_d383408